| 000 | 00741nam a22002537a 4500 | ||
|---|---|---|---|
| 003 | OSt | ||
| 005 | 20150911074459.0 | ||
| 008 | 130201t xxu||||| |||| 00| 0 eng d | ||
| 020 | _a9711109336 | ||
| 050 |
_aNX 280 _b.Or77 1976 |
||
| 082 | _aFIL 701 | ||
| 100 | _aOrtiz, Ma. Aurora. | ||
| 245 |
_aArt : _cMa. Aurora Ortiz, T. Erestan, A. Guillermo, M. Montano, S. A. Pilar. _bperception and appreciation / |
||
| 260 |
_aManila : _bUniversity of the East, _c1976. |
||
| 300 |
_axii, 340 pages : _c25 cm. _billustrations ; |
||
| 500 | _aIncludes bibliographical references and index. | ||
| 526 | _c1210L-1700L | ||
| 562 | _e4 | ||
| 942 |
_2lcc _cBK _kFIL |
||
| 999 |
_c17574 _d17574 |
||